<?xml version="1.0" encoding="UTF-8"?>
<collection xmlns="http://www.loc.gov/MARC21/slim">
<record>
  <controlfield tag="001">111140</controlfield>
  <controlfield tag="005">20220309093109.0</controlfield>
  <datafield tag="037" ind1=" " ind2=" ">
    <subfield code="a">TAZ-TFG-2022-356</subfield>
  </datafield>
  <datafield tag="041" ind1=" " ind2=" ">
    <subfield code="a">spa</subfield>
  </datafield>
  <datafield tag="100" ind1="1" ind2=" ">
    <subfield code="a">Tejero Bleda, Diana</subfield>
  </datafield>
  <datafield tag="242" ind1="0" ind2="0">
    <subfield code="a">Economic analysis of Mali as a host country of a United Nations Peacekeeping Operation</subfield>
  </datafield>
  <datafield tag="245" ind1="0" ind2="0">
    <subfield code="a">Análisis económico de Mali como Estado anfitrión de una Operación de Mantenimiento de la Paz de las Naciones Unidas</subfield>
  </datafield>
  <datafield tag="260" ind1=" " ind2=" ">
    <subfield code="a">Zaragoza</subfield>
    <subfield code="b">Universidad de Zaragoza</subfield>
    <subfield code="c">2022</subfield>
  </datafield>
  <datafield tag="500" ind1=" " ind2=" ">
    <subfield code="a">Resumen disponible también en inglés</subfield>
  </datafield>
  <datafield tag="506" ind1=" " ind2=" ">
    <subfield code="a">by-nc-sa</subfield>
    <subfield code="b">Creative Commons</subfield>
    <subfield code="c">3.0</subfield>
    <subfield code="u">http://creativecommons.org/licenses/by-nc-sa/3.0/</subfield>
  </datafield>
  <datafield tag="520" ind1=" " ind2=" ">
    <subfield code="a">El Estado de Mali se ha convertido en el epicentro de un escenario de crisis y conflicto que azota la región del Sahel desde el primer golpe de estado en la capital, Bamako, en 2012. Esta situación ha desembocado en el despliegue de una Operación del Mantenimiento de la Paz dirigida por la Organización de las Naciones Unidas en el país, lo que convierte la economía de Mali en objeto de interés para su análisis.&lt;br />Este análisis se enfoca en la evolución de su economía desde 2010, previo al inicio de la Misión de Estabilización Multidimensional Integrada de las Naciones Unidas en Mali, hasta la actualidad, a través de factores clave como el Producto Interior Bruto o el Índice de Desarrollo Humano. Además, se desarrolla el concepto y los estudios relativos a las Operaciones de Mantenimiento de la Paz y su forma de financiación y, en concreto, los recursos asignados a la Operación en Mali.&lt;br />&lt;br /></subfield>
  </datafield>
  <datafield tag="521" ind1=" " ind2=" ">
    <subfield code="a">Programa conjunto en ADE/DERECHO (Grados)</subfield>
  </datafield>
  <datafield tag="540" ind1=" " ind2=" ">
    <subfield code="a">Derechos regulados por licencia Creative Commons</subfield>
  </datafield>
  <datafield tag="700" ind1=" " ind2=" ">
    <subfield code="a">Pérez Forniés, Claudia</subfield>
    <subfield code="e">dir.</subfield>
  </datafield>
  <datafield tag="710" ind1="2" ind2=" ">
    <subfield code="a">Universidad de Zaragoza</subfield>
    <subfield code="b">Estructura e Historia Económicas y Economía Pública</subfield>
    <subfield code="c">Economía Aplicada</subfield>
  </datafield>
  <datafield tag="856" ind1="0" ind2=" ">
    <subfield code="f">736081@unizar.es</subfield>
  </datafield>
  <datafield tag="856" ind1="4" ind2=" ">
    <subfield code="s">1139187</subfield>
    <subfield code="u">http://zaguan.unizar.es/record/111140/files/TAZ-TFG-2022-356.pdf</subfield>
    <subfield code="y">Memoria (spa)</subfield>
  </datafield>
  <datafield tag="909" ind1="C" ind2="O">
    <subfield code="o">oai:zaguan.unizar.es:111140</subfield>
    <subfield code="p">driver</subfield>
    <subfield code="p">trabajos-fin-grado</subfield>
  </datafield>
  <datafield tag="950" ind1=" " ind2=" ">
    <subfield code="a"></subfield>
  </datafield>
  <datafield tag="980" ind1=" " ind2=" ">
    <subfield code="a">TAZ</subfield>
    <subfield code="b">TFG</subfield>
    <subfield code="c">ECON</subfield>
  </datafield>
  <datafield tag="999" ind1=" " ind2=" ">
    <subfield code="a">20220215214523.CREATION_DATE</subfield>
  </datafield>
  <datafield tag="951" ind1=" " ind2=" ">
    <subfield code="a">deposita:2022-03-09</subfield>
  </datafield>
</record>
</collection>